Gamma Ray albums - Statistics

General Stats
  • This quiz has been taken 8 times
  • The average score is 6 of 11
Answer Stats
Year Album % Correct
1990 Heading for Tomorrow
67%
1993 Insanity and Genius
67%
1995 Land of the Free
67%
2007 Land of the Free II
67%
1999 Power Plant
67%
1991 Sigh No More
67%
2014 Empire of the Undead
50%
2005 Majestic
50%
2001 No World Order
50%
2010 To the Metal!
50%
1997 Somewhere Out in Space
33%
No matching quizzes found
Score Distribution
Percent of People with Each Score
Percentile by Number Answered
Your Score History
You have not taken this quiz